Antropología social / (Record no. 27953)

MARC details
000 -LEADER
campo de control de longitud fija 00598nam a22002177a 4500
001 - NÚMERO DE CONTROL
campo de control 00027943
005 - FECHA Y HORA DE LA ÚLTIMA TRANSACCIÓN
campo de control 20260123083101.0
008 - DATOS DE LONGITUD FIJA--INFORMACIÓN GENERAL
campo de control de longitud fija 260123b ag ||||| |||| 00| 0 spa d
040 ## - FUENTE DE CATALOGACIÓN
Centro catalogador/agencia de origen AR-CcCEOS
Lengua de catalogación Español; Castellano
Centro/agencia transcriptor AR-CcCEOS
041 ## - CÓDIGO DE IDIOMA
Código de lengua del texto/banda sonora o título independiente Español; Castellano
080 ## - NÚMERO DE LA CLASIFICACIÓN DECIMAL UNIVERSAL
Número de la Clasificación Decimal Universal 141.316
090 ## - LOCALMENTE ASIGNADO TIPO-LC NÚMERO DE CLASIFICACIÓN (OCLC); NÚMERO DE CLASIFICACIÓN LOCAL (RLIN)
Número cutter local (OCLC) ; Número de libro/Signatura topográfica íntegra, CALL (RLIN) LIE
100 1# - ENTRADA PRINCIPAL--NOMBRE DE PERSONA
Nombre de persona Lienhardt, R. G.
Forma completa/desarrollada del nombre (R. Godfrey)
9 (RLIN) 220
245 ## - MENCIÓN DEL TÍTULO
Título Antropología social /
Mención de responsabilidad, etc. Godfrey Lienhardt
250 ## - MENCION DE EDICION
Mención de edición 1ª ed.
264 ## - PRODUCCIÓN, PUBLICACIÓN, DISTRIBUCIÓN, FABRICACIÓN Y COPYRIGHT
Producción, publicación, distribución, fabricación y copyright Buenos Aires :
Nombre del de productor, editor, distribuidor, fabricante fondo de cultura económica,
Fecha de producción, publicación, distribución, fabricación o copyright c1966.
300 ## - DESCRIPCIÓN FÍSICA
Extensión 279 p. ;
Dimensiones 17x12 cm.
490 ## - MENCIÓN DE SERIE
Mención de serie Colec. Popular
655 #0 - TERMINO DE INDIZACIÓN--GENERO/FORMA
Datos o término principal de género/forma antropología
9 (RLIN) 221
942 ## - ELEMENTOS DE ENTRADA SECUNDARIOS (KOHA)
Fuente de la clasificación o esquema de estantería Clasificación decimal universal
Tipo de ítem Koha Archivo de computadora
Suprimir en OPAC No
Holdings
Estatus retirado Estado de pérdida Fuente de la clasificación o esquema de estantería Estado de daño No para préstamo Biblioteca de origen Biblioteca actual Fecha de adquisición Número de inventario Total de préstamos Signatura topográfica completa Información codificada de la localización en otra ubicación Colección Código de barras Visto por última vez Precio de reemplazo Tipo de ítem Koha
    Clasificación decimal universal     Biblioteca Julio Serebrinsky Biblioteca Julio Serebrinsky 23/01/2026 42513   141.316 LIE SER 42513 23/01/2026 23/01/2026 Archivo de computadora